| 000 | 00478nam a2200181Ia 4500 | ||
|---|---|---|---|
| 999 |
_c298 _d298 |
||
| 003 | OSt | ||
| 005 | 20210917105908.0 | ||
| 008 | 190216s9999||||xx |||||||||||||| ||und|| | ||
| 040 | _coclc | ||
| 082 |
_a491.5 _bAMO/F |
||
| 100 |
_aAmozee, Nahdath Savad _98840 |
||
| 245 | 0 |
_aFarsee / _cNahdath Savad Amozee |
|
| 250 | _aVol - 2 | ||
| 260 | _bAin Kitab Dara Rahanmay, | ||
| 300 | _a102p | ||
| 650 | _aArabic | ||
| 942 |
_cBK _2ddc _h491.5 _iAMO/F _k491.5 _mAMO/F |
||